Vainqueurs WWE Money In The Bank Masculin - Statistiques

Statistiques générales
  • Ce quiz a été pris 2 309 fois
    1 048 depuis la dernière actualisation
  • Le résultat moyen est 19 sur 25
Statistiques - réponses
Année Réponses % Correct
2012 John Cena
95%
2005 Edge
93%
2014 Seth Rollins
93%
2008 CM Punk
91%
2009 CM Punk
91%
2013 Randy Orton
88%
2019 Brock Lesnar
85%
2006 Rob Van Dam
85%
2010 The Miz
82%
2016 Dean Ambrose
79%
2023 Damian Priest
77%
2010 Kane
76%
2012 Dolph Ziggler
73%
2015 Sheamus
73%
2011 Alberto Del Rio
71%
2011 Daniel Bryan
71%
2024 Drew McIntyre
70%
2020 Otis
68%
2022 Austin Theory
66%
2021 Big E
61%
2010 Jack Swagger
61%
2017 Baron Corbin
54%
2007 Mr.Kennedy
54%
2018 Braun Strowman
48%
2013 Damien Sandow
48%
Aucun quiz correspondant
Distribution des résultats
% des personnes avec chaque résultat
Percentile par nombre de réponses
Votre historique - résultats
Vous n’avez pas pris ce quiz depuis la dernière actualisation